[Event "Titled Tuesday intern op 02nd May Early"]
[Site "Chess.com INT"]
[Date "2023.05.02"]
[Round "2"]
[White "Dilanyan, Grigor"]
[Black "Hayrapetyan, Hovik"]
[Result "1-0"]
[WhiteElo "2174"]
[BlackElo "2442"]
[PlyCount "79"]
[EventDate "2023.05.02"]
[EventType "swiss (blitz)"]
[EventRounds "11"]
[EventCountry "USA"]
[SourceTitle "EXT 2024"]
[Source "ChessBase"]
[SourceDate "2023.10.10"]
[SourceVersion "1"]
[SourceVersionDate "2023.10.10"]
[SourceQuality "1"]

1. d4 Nf6 2. Nf3 d5 3. c4 e6 4. g3 Be7 5. Bg2 0-0 6. 0-0 dxc4 7. Qc2 a6 8. a4 Bd7 9. Qxc4 Bc6 10. Bf4 Bd6 11. Bg5 Nbd7 12. Nc3 h6 13. Bf4 Bxf4 14. gxf4 a5 15. Ne5 Bxg2 16. Kxg2 c6 17. e3 Nd5 18. Ne4 N7f6 19. Nc5 Qe7 20. Kh1 Rfc8 21. Rg1 b6 22. Ncd3 Nb4 23. Rg2 Nxd3 24. Qxd3 Kh8 25. Rag1 Rg8 26. Nxc6 Qb7 27. Ne5 Rac8 28. f3 Rc7 29. Qd2 Re7 30. Qf2 Nd7 31. Ng4 Ree8 32. e4 Nf8 33. Nxh6 Ng6 34. Nxg8 Kxg8 35. f5 exf5 36. exf5 Nf4 37. Rxg7+ Kf8 38. R7g4 Re2 39. Qg3 Nd3 40. Qd6+ 1-0

[Event "Titled Tuesday intern op 02nd May Early"]
[Site "Chess.com INT"]
[Date "2023.05.02"]
[Round "1"]
[White "Dilanyan, Grigor"]
[Black "Ruge, Edison"]
[Result "1-0"]
[WhiteElo "2174"]
[BlackElo "2201"]
[PlyCount "67"]
[EventDate "2023.05.02"]
[EventType "swiss (blitz)"]
[EventRounds "11"]
[EventCountry "USA"]
[SourceTitle "EXT 2024"]
[Source "ChessBase"]
[SourceDate "2023.10.10"]
[SourceVersion "1"]
[SourceVersionDate "2023.10.10"]
[SourceQuality "1"]

1. e4 e5 2. Nf3 Nc6 3. d4 exd4 4. Bc4 Nf6 5. 0-0 Nxe4 6. Nc3 Nxc3 7. bxc3 d5 8. Bb5 dxc3 9. Ne5 Bd7 10. Nxd7 Qxd7 11. Re1+ Kd8 12. Rb1 a6 13. Be2 Bc5 14. Bg4 Qd6 15. Bg5+ f6 16. Re6 Qxe6 17. Bxe6 fxg5 18. Qxd5+ Bd6 19. Rxb7 Ne7 20. Qxg5 g6 21. Qf6 Re8 22. g3 a5 23. a4 Bc5 24. Qxc3 Bd6 25. Qc4 Nf5 26. Rb1 Ke7 27. Bd5 Rad8 28. Bc6 Rf8 29. Re1+ Kf6 30. Qe6+ Kg7 31. h4 Rf6 32. Qb3 Rdf8 33. Qc3 Kh6 34. Qxa5 1-0

[Event "Titled Tuesday intern op 02nd May Early"]
[Site "Chess.com INT"]
[Date "2023.05.02"]
[Round "6"]
[White "Xu, Yi"]
[Black "Dilanyan, Grigor"]
[Result "1/2-1/2"]
[WhiteElo "2527"]
[BlackElo "2174"]
[PlyCount "139"]
[EventDate "2023.05.02"]
[EventType "swiss (blitz)"]
[EventRounds "11"]
[EventCountry "USA"]
[SourceTitle "EXT 2024"]
[Source "ChessBase"]
[SourceDate "2023.10.10"]
[SourceVersion "1"]
[SourceVersionDate "2023.10.10"]
[SourceQuality "1"]

1. b3 e5 2. Bb2 d6 3. e3 g6 4. d4 exd4 5. Qxd4 f6 6. Nc3 Nc6 7. Qc4 Ne5 8. Qe2 Bg7 9. f4 Nc6 10. Qc4 Nge7 11. 0-0-0 a6 12. Nd5 Nxd5 13. Qxd5 Qe7 14. e4 Be6 15. Qd2 0-0-0 16. Nf3 d5 17. e5 fxe5 18. Nxe5 Nxe5 19. fxe5 d4 20. Re1 h5 21. Kb1 Bh6 22. Qa5 Be3 23. Bd3 Rd5 24. Qa4 Rhd8 25. Be4 Bd7 26. Qc4 Rxe5 27. Bxg6 Bb5 28. Qf7 Qg5 29. h4 Qxg2 30. Bxh5 Be8 31. Qf3 Bc6 32. Qxg2 Bxg2 33. Rh2 Rxh5 34. Rxg2 Rxh4 35. Bc1 Bxc1 36. Kxc1 Rh7 37. Re6 Rhd7 38. Rgg6 c6 39. Kb2 Kc7 40. Rg4 Rd6 41. Re7+ R8d7 42. Re8 c5 43. Rge4 Kb6 44. a4 a5 45. R8e5 d3 46. cxd3 Rxd3 47. Re6+ R7d6 48. Rxd6+ Rxd6 49. Kc3 Rh6 50. Kc4 Kc6 51. Rf4 Rd6 52. Re4 b6 53. Rf4 Rg6 54. Re4 Kd6 55. Rf4 Kc6 56. Re4 Rg1 57. Re6+ Kc7 58. Kb5 Rb1 59. Rc6+ Kd7 60. Rxb6 Rxb3+ 61. Kxc5 Rxb6 62. Kxb6 Kc8 63. Kxa5 Kb7 64. Kb4 Ka7 65. a5 Ka8 66. a6 Ka7 67. Kb5 Ka8 68. Kb6 Kb8 69. a7+ Ka8 70. Ka6 1/2-1/2

[Event "Titled Tuesday intern op 31st Jan Early"]
[Site "Chess.com INT"]
[Date "2023.01.31"]
[Round "2"]
[White "Bacrot, Etienne"]
[Black "Dilanyan, Grigor"]
[Result "1-0"]
[WhiteElo "2653"]
[BlackElo "2174"]
[PlyCount "49"]
[EventDate "2023.01.31"]
[EventType "swiss (blitz)"]
[EventRounds "11"]
[EventCountry "USA"]
[SourceTitle "CBM 212 Extra"]
[Source "ChessBase"]
[SourceDate "2023.03.31"]
[SourceVersion "1"]
[SourceVersionDate "2023.03.31"]
[SourceQuality "1"]

1. e4 e5 2. Nf3 Nc6 3. Bb5 a6 4. Ba4 Nf6 5. 0-0 Nxe4 6. d4 b5 7. Bb3 d5 8. dxe5 Be6 9. Be3 Nc5 10. c3 Nxb3 11. axb3 Be7 12. Nd4 Nxd4 13. cxd4 0-0 14. Nd2 f5 15. exf6 Bxf6 16. Rc1 Qd6 17. h3 Rf7 18. Nf3 Raf8 19. Qd2 h6 20. Bf4 Qd8 21. Ne5 Bxe5 22. Bxe5 Bf5 23. f3 Be6 24. Rc6 Rd7 25. Rxe6 1-0

[Event "Titled Tuesday intern op 17th Jan Early"]
[Site "Chess.com INT"]
[Date "2023.01.17"]
[Round "6"]
[White "Dilanyan, Grigor"]
[Black "Bacrot, Etienne"]
[Result "0-1"]
[WhiteElo "2174"]
[BlackElo "2653"]
[PlyCount "90"]
[EventDate "2023.01.17"]
[EventType "swiss (blitz)"]
[EventRounds "11"]
[EventCountry "USA"]
[SourceTitle "CBM 212 Extra"]
[Source "ChessBase"]
[SourceDate "2023.03.31"]
[SourceVersion "1"]
[SourceVersionDate "2023.03.31"]
[SourceQuality "1"]

1. e4 c5 2. Nf3 d6 3. Bb5+ Bd7 4. Bxd7+ Nxd7 5. 0-0 Ngf6 6. Re1 e6 7. c3 Be7 8. d4 0-0 9. e5 Nd5 10. exd6 Bxd6 11. Bg5 Be7 12. Bxe7 Nxe7 13. Nbd2 cxd4 14. Nxd4 Nc5 15. Qf3 Qd5 16. Qg3 Rad8 17. Re5 Qd6 18. Nc4 Qc7 19. Nb5 Qd7 20. Nd4 Na4 21. Rg5 Nf5 22. Qg4 g6 23. Ne5 Qd5 24. Nxf5 exf5 25. Rxf5 Qe6 26. Rxf7 Qxg4 27. Rxf8+ Kxf8 28. Nxg4 Nxb2 29. Ne3 Na4 30. c4 b6 31. h4 Rd2 32. a3 Ke7 33. Rb1 Kd6 34. Rb5 Nc3 35. Rg5 Ne4 36. Rd5+ Rxd5 37. cxd5 Nc3 38. Kf1 Nb1 39. a4 Nc3 40. a5 b5 41. Ke1 Nxd5 42. Nxd5 Kxd5 43. Kd2 a6 44. Kc3 Ke4 45. Kb4 Kf4 0-1

[Event "Titled Tuesday intern op 20th Dec Early"]
[Site "Chess.com INT"]
[Date "2022.12.20"]
[Round "3"]
[White "Polanco Nunez, Yoel Estarling"]
[Black "Dilanyan, Grigor"]
[Result "1-0"]
[WhiteElo "2195"]
[BlackElo "2174"]
[PlyCount "69"]
[EventDate "2022.12.20"]
[EventType "swiss (blitz)"]
[EventRounds "11"]
[EventCountry "USA"]
[SourceTitle "EXT 2024"]
[Source "ChessBase"]
[SourceDate "2023.10.10"]
[SourceVersion "1"]
[SourceVersionDate "2023.10.10"]
[SourceQuality "1"]

1. Nf3 Nf6 2. d4 g6 3. c4 c5 4. Nc3 cxd4 5. Nxd4 Bg7 6. e4 0-0 7. Be3 Nc6 8. Be2 d6 9. 0-0 Bd7 10. Qd2 Rc8 11. Rac1 Ne5 12. b3 Neg4 13. Bg5 h6 14. Bxg4 Nxg4 15. Bh4 Rc5 16. Rfd1 h5 17. Nd5 f6 18. b4 Rc8 19. h3 Bh6 20. Qe2 Bxc1 21. hxg4 Bh6 22. gxh5 g5 23. Bg3 e6 24. Ne3 Qb6 25. Nb3 Rfd8 26. Rxd6 Qxb4 27. Qd3 Qa4 28. e5 f5 29. Nxf5 exf5 30. Qd5+ Kg7 31. Rg6+ Kf8 32. Qd6+ Ke8 33. Rg8+ Kf7 34. Qg6+ Ke7 35. Qf6# 1-0

[Event "Titled Tuesday intern op 13th Dec Early"]
[Site "Chess.com INT"]
[Date "2022.12.13"]
[Round "3"]
[White "Mika, Tomasz1111"]
[Black "Dilanyan, Grigor"]
[Result "0-1"]
[WhiteElo "2181"]
[BlackElo "2174"]
[PlyCount "116"]
[EventDate "2022.12.13"]
[EventType "swiss (blitz)"]
[EventRounds "11"]
[EventCountry "USA"]
[SourceTitle "EXT 2024"]
[Source "ChessBase"]
[SourceDate "2023.10.10"]
[SourceVersion "1"]
[SourceVersionDate "2023.10.10"]
[SourceQuality "1"]

1. Nf3 Nf6 2. c4 g6 3. b4 Bg7 4. Bb2 0-0 5. d3 a5 6. b5 d5 7. c5 a4 8. g3 Bd7 9. Na3 c6 10. b6 Na6 11. Rc1 Bg4 12. Bg2 Bxf3 13. Bxf3 Nd7 14. Bxg7 Kxg7 15. d4 e5 16. e3 exd4 17. exd4 Re8+ 18. Kf1 h5 19. h4 Nf6 20. Kg2 Ne4 21. Re1 Nb4 22. Ra1 Qf6 23. Re3 Re6 24. Qe1 Qxd4 25. Rd1 Qxc5 26. Bxe4 dxe4 27. Rxe4 Rae8 28. Qxb4 Qxb4 29. Rxb4 Re2 30. Rf4 R8e7 31. Rxa4 Rxa2 32. Rdd4 Ree2 33. Rf4 f5 34. Ra7 Kf6 35. Raa4 Reb2 36. Nc4 Rxf2+ 37. Rxf2 Rxa4 38. Rc2 Rb4 39. Kf3 Ke6 40. Ke3 Kd5 41. Nd2 Rxb6 42. Kf4 Rb4+ 43. Ke3 c5 44. Nf3 b5 45. Rd2+ Ke6 46. Ng5+ Ke5 47. Rd7 Rb3+ 48. Kf2 c4 49. Nf3+ Ke6 50. Rg7 Kf6 51. Rb7 b4 52. Rb6+ Kg7 53. Ne5 c3 54. Rxg6+ Kh7 55. Rb6 Rb2+ 56. Kf3 c2 57. Kf4 c1Q+ 58. Kxf5 Rf2+ 0-1

[Event "Titled Tuesday intern op 29th Nov Early"]
[Site "Chess.com INT"]
[Date "2022.11.29"]
[Round "6"]
[White "Papasimakopoulos, Alexandros"]
[Black "Dilanyan, Grigor"]
[Result "1-0"]
[WhiteElo "2328"]
[BlackElo "2174"]
[PlyCount "199"]
[EventDate "2022.11.29"]
[EventType "swiss (blitz)"]
[EventRounds "11"]
[EventCountry "USA"]
[SourceTitle "EXT 2024"]
[Source "ChessBase"]
[SourceDate "2023.10.10"]
[SourceVersion "1"]
[SourceVersionDate "2023.10.10"]
[SourceQuality "1"]

1. d4 g6 2. e4 Bg7 3. c4 d6 4. Nc3 Nf6 5. f3 0-0 6. Nge2 e5 7. Be3 Nc6 8. d5 Ne7 9. g4 Nd7 10. Qd2 f5 11. g5 f4 12. Bf2 b6 13. 0-0-0 a5 14. Kb1 Ba6 15. Nc1 Nc5 16. h4 Qe8 17. Nb5 Bxb5 18. cxb5 Kf7 19. h5 Ng8 20. h6 Bh8 21. Ne2 Ke7 22. Nc3 Kd8 23. Bh3 Ne7 24. Qe2 Nc8 25. Qc4 Na7 26. a3 a4 27. Bf1 Qe7 28. Rg1 Qd7 29. Nxa4 Ke7 30. Nc3 Rfb8 31. b4 Nb7 32. Kb2 Nc8 33. Rh1 Kd8 34. Bh3 Qe7 35. Rhg1 Ra7 36. a4 Rba8 37. Kb3 Qf7 38. Rd2 Ne7 39. a5 Rxa5 40. Ra2 Rxa2 41. Nxa2 Nc8 42. Nc3 Qe7 43. Na4 Qf7 44. Qc6 Rb8 45. Ra1 Qe7 46. Bh4 Qe8 47. Nc3 Qxc6 48. bxc6 Nc5+ 49. bxc5 bxc5+ 50. Kc2 Nb6 51. Kd3 c4+ 52. Kc2 Na8 53. Bf2 Nb6 54. Bxb6 Rxb6 55. Ra8+ Ke7 56. Rxh8 Rb8 57. Rxb8 Kf7 58. Be6+ Ke7 59. Nb5 c3 60. Bg4 Kf7 61. Kxc3 Ke7 62. Nxc7 Kf7 63. Kb4 Ke7 64. Kb5 Kf7 65. Kb6 Ke7 66. Nb5 Kf7 67. Nxd6+ Ke7 68. Nc4 Kf7 69. Nxe5+ Ke7 70. Nc4 Kf7 71. e5 Ke7 72. Nb2 Kf7 73. Nd3 Ke7 74. Nxf4 Kf7 75. Ne2 Ke7 76. Nd4 Kf7 77. f4 Ke7 78. f5 Kf7 79. Rb7+ Kg8 80. f6 Kf8 81. e6 Ke8 82. d6 Kd8 83. Bf3 Kc8 84. Be4 Kd8 85. Nf3 Kc8 86. Ne5 Kd8 87. Nxg6 Kc8 88. Nh4 Kd8 89. Bxh7 Kc8 90. Bd3 Kd8 91. Bf1 Kc8 92. g6 Kd8 93. Ra7 Kc8 94. Ra2 Kb8 95. Rh2 Kc8 96. Nf3 Kb8 97. Rh1 Kc8 98. Ng1 Kb8 99. h7 Kc8 100. h8Q# 1-0

[Event "Titled Tuesday intern op 25th Oct Late"]
[Site "Chess.com INT"]
[Date "2022.10.25"]
[Round "4"]
[White "Paravyan, David"]
[Black "Dilanyan, Grigor"]
[Result "1-0"]
[WhiteElo "2589"]
[BlackElo "2247"]
[PlyCount "189"]
[EventDate "2022.10.25"]
[EventType "swiss (blitz)"]
[EventRounds "11"]
[EventCountry "USA"]
[SourceTitle "EXT 2024"]
[Source "ChessBase"]
[SourceDate "2023.10.10"]
[SourceVersion "1"]
[SourceVersionDate "2023.10.10"]
[SourceQuality "1"]

1. e4 e5 2. Nf3 Nc6 3. Nc3 Nf6 4. d4 Bb4 5. Nxe5 Qe7 6. Qd3 Nxe5 7. dxe5 Qxe5 8. Bd2 Bxc3 9. Bxc3 Qxe4+ 10. Qxe4+ Nxe4 11. Bxg7 Rg8 12. Bd4 d5 13. 0-0-0 c5 14. Be3 d4 15. Bxd4 cxd4 16. Re1 Bf5 17. f3 0-0-0 18. fxe4 Rde8 19. Bd3 Be6 20. g3 Rg5 21. Rhf1 Rh5 22. Re2 a6 23. Rf4 Kc7 24. e5 Rd8 25. b3 Rd5 26. Bc4 Rdxe5 27. Rxe5 Rxe5 28. Rxd4 Bxc4 29. Rxc4+ Kd6 30. Kd2 h5 31. Kd3 b5 32. Rd4+ Kc6 33. Rf4 Rd5+ 34. Kc3 Rc5+ 35. Kb2 f5 36. Rh4 f4 37. Rxf4 Re5 38. Kc3 a5 39. Kd3 b4 40. Rh4 Rd5+ 41. Rd4 Rf5 42. Ke3 Kb5 43. h4 Re5+ 44. Kf3 Rf5+ 45. Ke3 Re5+ 46. Kd3 Rf5 47. Rf4 Rd5+ 48. Ke3 Re5+ 49. Kd4 Rc5 50. Rf2 Rc3 51. a4+ Kb6 52. Rf6+ Kb7 53. Rf5 Ka6 54. Rxh5 Rxg3 55. Rg5 Rh3 56. Rg6+ Kb7 57. Rg4 Rc3 58. Rg5 Kb6 59. Rb5+ Kc6 60. Rxa5 Rxc2 61. Rb5 Rh2 62. Rxb4 Rxh4+ 63. Kc3 Rh3+ 64. Kb2 Rh2+ 65. Ka3 Rh1 66. Rc4+ Kb6 67. Kb4 Rh5 68. Rf4 Rg5 69. Re4 Rh5 70. Re6+ Kb7 71. Kc4 Rh4+ 72. Kc5 Rh5+ 73. Kd4 Rh4+ 74. Re4 Rh3 75. Kc4 Kb6 76. b4 Rh1 77. Re6+ Kb7 78. Re7+ Kc6 79. b5+ Kb6 80. Re6+ Kb7 81. Kb4 Rb1+ 82. Ka5 Rd1 83. Re7+ Kb8 84. Ka6 Rd6+ 85. b6 Kc8 86. Re8+ Kd7 87. Rh8 Rd4 88. a5 Kc6 89. Rc8+ Kd7 90. Rc1 Rd6 91. Kb7 Rd1 92. Rc7+ Kd8 93. a6 Ra1 94. a7 Rxa7+ 95. Kxa7 1-0

[Event "Titled Tuesday intern op 18th Oct Late"]
[Site "Chess.com INT"]
[Date "2022.10.18"]
[Round "5"]
[White "Dilanyan, Grigor"]
[Black "Bernat, David"]
[Result "1/2-1/2"]
[WhiteElo "2247"]
[BlackElo "1862"]
[PlyCount "76"]
[EventDate "2022.10.18"]
[EventType "swiss (blitz)"]
[EventRounds "11"]
[EventCountry "USA"]
[SourceTitle "EXT 2024"]
[Source "ChessBase"]
[SourceDate "2023.10.10"]
[SourceVersion "1"]
[SourceVersionDate "2023.10.10"]
[SourceQuality "1"]

1. Nf3 c5 2. g3 g6 3. Bg2 Bg7 4. 0-0 Nc6 5. c3 d5 6. d4 cxd4 7. cxd4 Nf6 8. Nc3 0-0 9. Ne5 h6 10. Nxc6 bxc6 11. Bf4 Nd7 12. Rc1 e5 13. dxe5 Nxe5 14. Na4 Nc4 15. b3 Nb6 16. Nc5 Nd7 17. Nd3 Bb7 18. Qd2 Kh7 19. Rc2 Rc8 20. Rfc1 Re8 21. h4 Qe7 22. Bf3 c5 23. Qa5 g5 24. hxg5 hxg5 25. Be3 d4 26. Bxb7 dxe3 27. Bxc8 exf2+ 28. Kxf2 Bd4+ 29. Kf1 Qe4 30. Nf2 Qe3 31. Nh3 Qxg3 32. e3 Qxh3+ 33. Rg2 Qf3+ 34. Kg1 Bxe3+ 35. Kh2 Bf4+ 36. Kg1 Be3+ 37. Kh2 Bf4+ 38. Kg1 Be3+ 1/2-1/2

[Event "Titled Tuesday intern op 27th Sep Late"]
[Site "Chess.com INT"]
[Date "2022.09.27"]
[Round "3"]
[White "Ozalp, Burak"]
[Black "Dilanyan, Grigor"]
[Result "0-1"]
[WhiteElo "2206"]
[BlackElo "2247"]
[PlyCount "56"]
[EventDate "2022.09.27"]
[EventType "swiss (blitz)"]
[EventRounds "11"]
[EventCountry "USA"]
[SourceTitle "CBM 210 Extra"]
[Source "ChessBase"]
[SourceDate "2022.11.30"]
[SourceVersion "1"]
[SourceVersionDate "2022.11.30"]
[SourceQuality "1"]

1. e4 d5 2. exd5 Qxd5 3. Nc3 Qe5+ 4. Nge2 Nf6 5. g3 Bg4 6. Bg2 Nc6 7. d4 Qh5 8. 0-0 0-0-0 9. Be3 e5 10. d5 Bf3 11. Qd2 Nxd5 12. Bxf3 Qxf3 13. Nxd5 Rxd5 14. Qe1 Bb4 15. c3 Be7 16. Nc1 h5 17. Qe2 Qf5 18. Kg2 h4 19. g4 h3+ 20. Kg1 Qg6 21. Kh1 Rhd8 22. Nb3 e4 23. Rad1 Ne5 24. Rxd5 Rxd5 25. Rd1 Rxd1+ 26. Qxd1 Nxg4 27. Bxa7 Nxf2+ 28. Bxf2 Qg2# 0-1

[Event "Titled Tuesday intern op 27th Sep Late"]
[Site "Chess.com INT"]
[Date "2022.09.27"]
[Round "1"]
[White "Petrova, Irina"]
[Black "Dilanyan, Grigor"]
[Result "1/2-1/2"]
[WhiteElo "2127"]
[BlackElo "2247"]
[PlyCount "124"]
[EventDate "2022.09.27"]
[EventType "swiss (blitz)"]
[EventRounds "11"]
[EventCountry "USA"]
[SourceTitle "CBM 210 Extra"]
[Source "ChessBase"]
[SourceDate "2022.11.30"]
[SourceVersion "1"]
[SourceVersionDate "2022.11.30"]
[SourceQuality "1"]

1. e4 e5 2. Nf3 Nc6 3. Bb5 a6 4. Ba4 Nf6 5. d3 b5 6. Bb3 Be7 7. 0-0 d6 8. h3 0-0 9. Bd2 h6 10. a3 Be6 11. Bxe6 fxe6 12. Nc3 Qe8 13. Ne2 Qg6 14. Ng3 Nh7 15. c3 Rf7 16. d4 exd4 17. cxd4 Raf8 18. Rc1 Rxf3 19. Rxc6 R3f7 20. Rxc7 Ng5 21. Bxg5 Bxg5 22. Rxf7 Rxf7 23. Qh5 Qxh5 24. Nxh5 Rc7 25. f4 Bh4 26. g3 Bd8 27. f5 exf5 28. exf5 Rc2 29. Rf2 Rc1+ 30. Kg2 Bb6 31. Rd2 Rc4 32. d5 Kf7 33. Nf4 Be3 34. Re2 Bxf4 35. gxf4 Rd4 36. Rc2 Rxd5 37. Rc6 a5 38. Rb6 Rd2+ 39. Kg3 Rxb2 40. Rxd6 Rb3+ 41. Kg4 Rxa3 42. Rd7+ Kf8 43. Rb7 b4 44. f6 gxf6 45. Kf5 Rf3 46. Ra7 b3 47. Rxa5 Ke7 48. Rb5 Rxh3 49. Rb7+ Kd6 50. Kxf6 Kc6 51. Rb8 Kc5 52. f5 Kc4 53. Kg6 Rf3 54. f6 Kc3 55. f7 b2 56. Rc8+ Kd2 57. Rd8+ Kc2 58. Rc8+ Kd2 59. Rd8+ Kc1 60. Rc8+ Kd1 61. Rd8+ Kc2 62. Rc8+ Kd2 1/2-1/2

[Event "Titled Tuesday intern op 27th Sep Early"]
[Site "Chess.com INT"]
[Date "2022.09.27"]
[Round "9"]
[White "Vogel, Roven"]
[Black "Dilanyan, Grigor"]
[Result "1-0"]
[WhiteElo "2463"]
[BlackElo "2247"]
[PlyCount "97"]
[EventDate "2022.09.27"]
[EventType "swiss (blitz)"]
[EventRounds "11"]
[EventCountry "USA"]
[SourceTitle "CBM 210 Extra"]
[Source "ChessBase"]
[SourceDate "2022.11.30"]
[SourceVersion "1"]
[SourceVersionDate "2022.11.30"]
[SourceQuality "1"]

1. d4 Nf6 2. Nc3 d5 3. Bf4 g6 4. e3 Bg7 5. Nf3 0-0 6. Nb5 Na6 7. h3 c6 8. Na3 Nc7 9. Bd3 Bf5 10. c4 Bxd3 11. Qxd3 dxc4 12. Nxc4 Ncd5 13. Be5 Nb4 14. Qb3 a5 15. 0-0 b5 16. Ncd2 Nfd5 17. Ne4 a4 18. Qd1 f6 19. Bg3 Na6 20. Rc1 Qd7 21. Nc5 Nxc5 22. Rxc5 Rfd8 23. Qe2 Bf8 24. Rfc1 Ra6 25. e4 Nc7 26. d5 e5 27. Rxc6 Rxc6 28. Rxc6 Ne8 29. Qxb5 Nd6 30. Qe2 Qb7 31. Bh4 g5 32. Bg3 Rb8 33. Rc2 Qb4 34. Nd2 Qd4 35. b3 axb3 36. axb3 Ra8 37. Kh2 h5 38. Qxh5 Ra7 39. Qe2 Rg7 40. f3 g4 41. fxg4 Nf7 42. Nf3 Qa1 43. Bh4 Rh7 44. Bxf6 Nh6 45. Ng5 Ra7 46. d6 Qd4 47. Rd2 Qb6 48. Qc4+ Nf7 49. Be7 1-0

[Event "Titled Tuesday intern op 20th Sep Early"]
[Site "Chess.com INT"]
[Date "2022.09.20"]
[Round "3"]
[White "Dilanyan, Grigor"]
[Black "Abdisalimov, Abdimalik"]
[Result "0-1"]
[WhiteElo "2247"]
[BlackElo "2472"]
[PlyCount "160"]
[EventDate "2022.09.20"]
[EventType "swiss (blitz)"]
[EventRounds "11"]
[EventCountry "USA"]
[SourceTitle "EXT 2023"]
[Source "ChessBase"]
[SourceDate "2022.10.05"]
[SourceVersion "1"]
[SourceVersionDate "2022.10.05"]
[SourceQuality "1"]

1. d4 Nf6 2. Nf3 e6 3. g3 c5 4. Bg2 cxd4 5. Nxd4 a6 6. 0-0 Qc7 7. c4 Qxc4 8. Nc3 Nc6 9. Be3 Ng4 10. Rc1 Nxe3 11. fxe3 Qb4 12. a3 Qxb2 13. Na4 Qxa3 14. Nb6 Qxe3+ 15. Kh1 Rb8 16. Bxc6 bxc6 17. Rb1 Bc5 18. Nxc8 Rxc8 19. Nf3 d6 20. Rb3 Qe4 21. Qa1 0-0 22. Qxa6 Ra8 23. Qd3 Qxd3 24. exd3 Rfb8 25. Rfb1 Rxb3 26. Rxb3 e5 27. Kg2 h6 28. h4 g6 29. Kh3 Kg7 30. Nd2 d5 31. Rb7 Ra3 32. Nf3 Bd6 33. Rd7 Rxd3 34. Ne1 Rd1 35. Nf3 e4 36. Nh2 Bf8 37. Ng4 Rf1 38. Kg2 Rf5 39. Rc7 h5 40. Ne3 Rf6 41. Nc2 Bc5 42. Kh3 d4 43. Rd7 d3 44. Ne1 Bb4 45. Ng2 Rd6 46. Rb7 c5 47. Ne3 d2 48. Nd1 Rd3 49. Re7 c4 50. Rxe4 c3 51. Rc4 Ba5 52. Kg2 Kf6 53. Kf2 Ke5 54. Ke2 Rxg3 55. Nf2 Rg1 56. Rc5+ Kf6 57. Rxa5 Re1+ 58. Kd3 d1Q+ 59. Nxd1 Rxd1+ 60. Kxc3 Rg1 61. Ra4 Rg4 62. Ra6+ Kg7 63. Kd3 Rxh4 64. Ke3 g5 65. Kf3 Rf4+ 66. Kg3 h4+ 67. Kh3 f6 68. Ra8 Kg6 69. Rg8+ Kf5 70. Ra8 Rf3+ 71. Kg2 Kg4 72. Ra4+ Rf4 73. Ra3 f5 74. Rb3 h3+ 75. Kg1 Kh4 76. Rb2 g4 77. Rb8 Kg3 78. Rb3+ Rf3 79. Rb2 h2+ 80. Rxh2 Rf1+ 0-1

[Event "Titled Tuesday intern op 20th Sep Late"]
[Site "Chess.com INT"]
[Date "2022.09.20"]
[Round "6"]
[White "Dilanyan, Grigor"]
[Black "Fieberg, Samuel"]
[Result "0-1"]
[WhiteElo "2247"]
[BlackElo "2187"]
[PlyCount "112"]
[EventDate "2022.09.20"]
[EventType "swiss (blitz)"]
[EventRounds "11"]
[EventCountry "USA"]
[SourceTitle "EXT 2023"]
[Source "ChessBase"]
[SourceDate "2022.10.05"]
[SourceVersion "1"]
[SourceVersionDate "2022.10.05"]
[SourceQuality "1"]

1. g3 d5 2. Bg2 e5 3. d4 exd4 4. Nf3 c5 5. 0-0 Nf6 6. c3 dxc3 7. Nxc3 Be7 8. Bg5 d4 9. Bxf6 Bxf6 10. Ne4 Be7 11. Rc1 Nd7 12. b4 cxb4 13. Qxd4 0-0 14. Rfd1 Qb6 15. Qd3 Nf6 16. Neg5 h6 17. Ne4 Bf5 18. Nxf6+ Qxf6 19. Qb5 Be4 20. Rc4 Bc6 21. Qe5 Qxe5 22. Nxe5 Bxg2 23. Kxg2 Rfd8 24. Rdc1 Bd6 25. Nd3 a5 26. Nb2 Be5 27. Na4 Rd2 28. Re4 Bf6 29. Nb6 Ra6 30. Rc8+ Kh7 31. Nc4 Rxa2 32. h4 h5 33. Rc7 Re6 34. Rxe6 fxe6 35. Rxb7 Bc3 36. e4 a4 37. e5 b3 38. Kf3 Rc2 39. Ke4 Be1 40. Nd6 b2 41. Ne8 a3 42. g4 a2 43. Nf6+ Kg6 44. gxh5+ Kh6 45. Ng8+ Kxh5 46. Rxg7 Rc4+ 47. Kf3 Rc3+ 48. Kg2 b1Q 49. Nf6+ Kh6 50. Rg8 Qg6+ 51. Ng4+ Kh7 52. Rxg6 Kxg6 53. h5+ Kxh5 54. Nf6+ Kg5 55. Ne4+ Kf5 56. Nxc3 Bxc3 0-1

[Event "Titled Tuesday intern op 20th Sep Late"]
[Site "Chess.com INT"]
[Date "2022.09.20"]
[Round "5"]
[White "Dilanyan, Grigor"]
[Black "Petrovic, Aleksa"]
[Result "0-1"]
[WhiteElo "2247"]
[BlackElo "2237"]
[PlyCount "132"]
[EventDate "2022.09.20"]
[EventType "swiss (blitz)"]
[EventRounds "11"]
[EventCountry "USA"]
[SourceTitle "EXT 2023"]
[Source "ChessBase"]
[SourceDate "2022.10.05"]
[SourceVersion "1"]
[SourceVersionDate "2022.10.05"]
[SourceQuality "1"]

1. d4 Nf6 2. Nf3 e6 3. g3 c5 4. Bg2 Qb6 5. 0-0 Nc6 6. dxc5 Bxc5 7. Nc3 Be7 8. Na4 Qa5 9. c4 0-0 10. a3 Rd8 11. b4 Qc7 12. Bf4 e5 13. Bg5 e4 14. Nd2 d5 15. cxd5 Rxd5 16. Bf4 Qd8 17. Nc3 Rd4 18. Be3 Rd6 19. Ncxe4 Nxe4 20. Bxe4 Bh3 21. Re1 Bg5 22. Bxg5 Qxg5 23. Bxh7+ Kxh7 24. Ne4 Qd5 25. Qc2 Bf5 26. Rad1 Qe5 27. Rxd6 Qxd6 28. Ng5+ Kg6 29. Nxf7 Qe7 30. e4 Be6 31. Nd6 Nd4 32. Qd3 Qxd6 33. e5+ Bf5 34. exd6 Bxd3 35. Rd1 Nf3+ 36. Kg2 Be4 37. d7 Rd8 38. g4 Nd4+ 39. Kg3 Rxd7 40. Re1 Bc6 41. f4 Kf7 42. h4 Nc2 43. Re5 Nxa3 44. g5 Nc4 45. Rc5 Nd2 46. Kg4 Ne4 47. Re5 Nf2+ 48. Kg3 Nd3 49. Re3 Nxb4 50. h5 Rd3 51. g6+ Kg8 52. Rxd3 Nxd3 53. f5 Be4 54. Kg4 Ne5+ 55. Kf4 Bxf5 56. Kxf5 Nxg6 57. hxg6 b5 58. Ke5 b4 59. Kd5 a5 60. Kc4 Kf8 61. Kb3 Ke7 62. Ka4 Kf6 63. Kxa5 b3 64. Kb4 b2 65. Kc3 b1Q 66. Kd4 Kxg6 0-1

[Event "Titled Tuesday intern op 20th Sep Early"]
[Site "Chess.com INT"]
[Date "2022.09.20"]
[Round "6"]
[White "Petrovic, Aleksa"]
[Black "Dilanyan, Grigor"]
[Result "0-1"]
[WhiteElo "2237"]
[BlackElo "2247"]
[PlyCount "28"]
[EventDate "2022.09.20"]
[EventType "swiss (blitz)"]
[EventRounds "11"]
[EventCountry "USA"]
[SourceTitle "EXT 2023"]
[Source "ChessBase"]
[SourceDate "2022.10.05"]
[SourceVersion "1"]
[SourceVersionDate "2022.10.05"]
[SourceQuality "1"]

1. e4 e5 2. Nf3 Nc6 3. Bc4 Nf6 4. d4 exd4 5. 0-0 Nxe4 6. Nc3 Nxc3 7. bxc3 d5 8. Bd3 Be7 9. Nxd4 Nxd4 10. cxd4 0-0 11. Qh5 g6 12. Qh6 Bf6 13. c3 c5 14. Ba3 Bg5 0-1